Vývoj nemocenských dávok pomocou analýzy časových radov diplomová práca

Uložené v:
Podrobná bibliografia
Hlavný autor: Grmanová, Kristína
Korporativný autor: Fakulta hospodárskej informatiky EU. Katedra matematiky a aktuárstva
Ďalší autori: Škrovánková, Lea, 1954-
Médium: Kniha
Jazyk:Slovak
Vydavateľské údaje: Bratislava 2018
Tagy: Pridať tag
Žiadne tagy, Buďte prvý, kto otaguje tento záznam!

MARC

LEADER 00000nbm a2200000 4500
001 0243601
005 20180925080749.9
041 0 |a slo 
044 |a SK 
245 1 0 |a Vývoj nemocenských dávok pomocou analýzy časových radov  |b diplomová práca  |c Kristína Grmanová ; školiteľ: Lea Škrovánková 
264 1 |a Bratislava  |c 2018 
300 |a 51 s. 
100 1 |a Grmanová, Kristína 
700 1 |a Škrovánková, Lea, 1954- 
710 2 |a Fakulta hospodárskej informatiky EU. Katedra matematiky a aktuárstva